ADVANCED COMPILER DESIGN IMPLEEMNTATIONSAN DIEGO (Record no. 216572)

MARC details
000 -LEADER
fixed length control field 00503nam a22001577a 4500
008 - FIXED-LENGTH DATA ELEMENTS--GENERAL INFORMATION
fixed length control field 260211b |||||||| |||| 00| 0 eng d
020 ## - INTERNATIONAL STANDARD BOOK NUMBER
International Standard Book Number 978-1-55860320-2
100 ## - MAIN ENTRY--PERSONAL NAME
Personal name MUCHNICK, STEVEN S.
245 ## - TITLE STATEMENT
Title ADVANCED COMPILER DESIGN IMPLEEMNTATIONSAN DIEGO
260 ## - PUBLICATION, DISTRIBUTION, ETC.
Place of publication, distribution, etc. SAN DIEGO
Name of publisher, distributor, etc. ACADEMIC PRESS
Date of publication, distribution, etc. 1997
300 ## - PHYSICAL DESCRIPTION
Extent XXIX,856P.
500 ## - GENERAL NOTE
General note INCLUDES SUBJECT INDEX
650 ## - SUBJECT ADDED ENTRY
Topical term or geographic name entry element 1. COMPILERS (COMPUTER PROGRAMS) 2. SYSTEMES PROGRAMMING (COMPUTER SCIENCE)
942 ## - ADDED ENTRY ELEMENTS (KOHA)
Source of classification or shelving scheme Library of Congress Classification
Koha item type Long Loan Book
Holdings
Withdrawn status Lost status Source of classification or shelving scheme Damaged status Not for loan Collection Home library Current library Shelving location Date acquired Inventory number Total checkouts Full call number Barcode Date last seen Copy number Price effective from Koha item type
    Library of Congress Classification     Science & Technology Kisii University Library Kisii University Library On Display 02/11/2026 111795   QA 76.76 C65M83 1997 51495 02/11/2026 1 02/11/2026 Long Loan Book
    Library of Congress Classification     Science & Technology Kisii University Library Kisii University Library On Display 02/11/2026 111796   QA 76.76 C65M83 1997 51497 02/11/2026 2 02/11/2026 Long Loan Book
    Library of Congress Classification     Science & Technology Kisii University Library Kisii University Library On Display 02/11/2026 111797   QA 76.76 C65M83 1997 51499 02/11/2026 3 02/11/2026 Long Loan Book